书目信息 |
| 题名: |
工程有限元与优化分析应用实例教程
|
|
| 作者: | 周传月 , 腾万秀 , 张俊堂 主编 | |
| 分册: | ||
| 出版信息: | 北京 科学出版社 2005.01 |
|
| 页数: | 267页 | |
| 开本: | 26cm | |
| 丛书名: | 数码工程师系列丛书 | |
| 单 册: | ||
| 中图分类: | O241.82-39 | |
| 科图分类: | ||
| 主题词: | 有限元分析--you xian yuan fen xi--应用软件--教材 | |
| 电子资源: | ||
| ISBN: | 7-03-015435-5 | |
| 000 | 01111nam 2200265 450 | |
| 001 | 010243591593 | |
| 005 | 20060327134122.10 | |
| 010 | @a7-03-015435-5@dCNY32.00 | |
| 100 | @a20050919d2005 km y0chiy0120 ea | |
| 101 | 0 | @achi |
| 102 | @aCN@b110000 | |
| 105 | @aa z 000yy | |
| 200 | 1 | @a工程有限元与优化分析应用实例教程@Agong cheng you xian yuan yu you hua fen xi ying yong shi li jiao cheng@f周传月, 腾万秀, 张俊堂主编@Fzhou chuan yue,teng wan xiu,zhang jun tang zhu bian |
| 210 | @a北京@c科学出版社@d2005.01 | |
| 215 | @a267页@c图@d26cm | |
| 225 | 2 | @a数码工程师系列丛书@Ashu ma gong cheng shi xi lie cong shu |
| 330 | @a本书主要介绍有限元分析和结构优化分析的基本概念、分析方法和分析过程,以及有限元与结构优化分析软件OptiStruct,并通过大量的实例展示了此软件的分析能力。 | |
| 410 | 0 | @12001 @a数码工程师系列丛书 |
| 606 | 0 | @a有限元分析@Ayou xian yuan fen xi@x应用软件@x教材 |
| 690 | @aO241.82-39@v4 | |
| 701 | 0 | @a周传月@Azhou chuan yue@4主编 |
| 701 | 0 | @a腾万秀@Ateng wan xiu@4主编 |
| 701 | 0 | @a张俊堂@Azhang jun tang@4主编 |
| 801 | 0 | @aCN@bQSSK@c20060327 |
| 905 | @a10447@dO241.82-39@eZ758 | |
| 工程有限元与优化分析应用实例教程/周传月, 腾万秀, 张俊堂主编.-北京:科学出版社,2005.01 |
| 267页:图;26cm.-(数码工程师系列丛书) |
| ISBN 7-03-015435-5:CNY32.00 |
| 本书主要介绍有限元分析和结构优化分析的基本概念、分析方法和分析过程,以及有限元与结构优化分析软件OptiStruct,并通过大量的实例展示了此软件的分析能力。 |
| ● |
| 相关链接 |
|
|
|
正题名:工程有限元与优化分析应用实例教程
索取号:O241.82-39/Z758
 
预约/预借
| 序号 | 登录号 | 条形码 | 馆藏地/架位号 | 状态 | 备注 |
| 1 | 556843 | 205568438 | 自科库401/401自科库 80排2列3层/ [索取号:O241.82-39/Z758] | 在馆 | |
| 2 | 556844 | 205568447 | 自科库401/401自科库 80排2列3层/ [索取号:O241.82-39/Z758] | 在馆 | |
| 3 | 556845 | 205568456 | 自科库401/401自科库 80排2列3层/ [索取号:O241.82-39/Z758] | 在馆 |